Mar y tierra nuestra

Guardado en:
Detalles Bibliográficos
Autores principales: Bowen O., Carlos (Autor), Pierre Chili (Autor)
Formato: Libro
Lenguaje:español
Publicado: Valparaíso Imprenta de la Armada 1935
Edición:1a. ed
Materias:
Etiquetas: Agregar Etiqueta
Sin Etiquetas, Sea el primero en etiquetar este registro!

MARC

LEADER 00000nam a2200000 a 4500
001 UCJ3863
003 CL-VaPUC
008 070124e19350800CL |||||||||||||||||spa|d
082 0 4 |a Ch863  |b BOW  |2 21 
100 0 |a Bowen O., Carlos  |e author  |9 506341 
700 0 |a Pierre Chili  |e author  |9 506342 
245 1 0 |a Mar y tierra nuestra 
250 |a 1a. ed 
300 |a 210 p 
942 |c BK 
945 |d 20070124 00:00:00  |a rinostro 
260 |a Valparaíso  |b Imprenta de la Armada  |c 1935 
500 |a Cuentos ambientados en la vida a bordo 
600 0 |a Armada de Chile  |9 340497 
650 7 |a CUENTOS MILITARES  |2 CL-VaPUC  |9 505177 
583 |a last modification  |c 20070124 00:00:00  |k Rodrigo Vera 
999 |c 319984  |d 319982 
952 |0 0  |1 0  |4 0  |6 CH_863_000000000000000_BOW_1935  |7 0  |8 X  |9 398405  |a FDOBUD  |b FDOBUD  |d 2019-11-22  |i 1009818  |o Ch863 BOW 1935  |p 1009818  |r 2019-11-22  |w 2019-11-22  |y BK_X  |k BUD